=LDR 00000nam 2200000 4500 =001 INLIS000000000014335 =005 20130612105619 =008 ***********************************Ind** =035 ##$$0010-061300000014335 =041 ##$$a Ind =082 ##$$a 658.5 =090 ##$$a 658.5, Har b =100 ##$$a Hardjosoedarmo, Soewarso =245 ##$$a Bacaan terpilih tentang total qualiti manajement, Soewarso Hardjosoedarmo =260 ##$$a 2004 $b yogyakarta =300 ##$$a viii, 224 hlm, Il, 23 cm =650 ##$$a Manajemen =850 ##$$a NBPNMAT